000 00652nam a2200181 a 4500
005 20231116063534.0
008 991125s1976 mx 000 0 spa u
035 _aUPN01000038194
049 _aCG
050 4 _aLB1621
_bS4.4
111 2 _aSeminario de Estudios Superiores de Educación Rural
_d(1975 :
_cCarrizal, Veracruz)
245 1 0 _aMemoria del seminario de estudios superiores de educación rural.
260 _a[Veracruz] :
_bGobierno del Estado de Veracruz, Dirección General de Educación Popular,
_c1976.
300 _a316 p.
500 _aLa obra consta de 3 memorias
650 4 _aEducación rural
_vCongresos
_914355
905 _aLibro
999 _c38194
_d38194